Statistics for 10 Highest NBA Rebounding Leaders Ever not in Hall of Fame

Click here to take the quiz!

General Stats

  • This quiz has been taken 6 times
  • The average score is 4 of 10

Answer Stats

PointsPlayer% Correct
13017Buck Williams
83%
11901Kevin Willis
67%
10400Bill Laimbeer
50%
12205Charles Oakley
50%
10101Shawn Marion
50%
12357Paul Silas
33%
11054Bill Bridges
17%
10092Red Kerr
17%
9687Sam Lacey
17%
10370Otis Thorpe
0%

Score Distribution

Percentile by Number Answered

Percent of People with Each Score

Your Score History

You have not taken this quiz